III Semana de la India
Publicado:
San Jorge, núm. 78 (2n trimestre 1970), pàg 127 :
Otros Autores:
Semana de la India (3a : 1970 : Barcelona)
MARC
| LEADER | 00000nam a2200000Ia 4500 | ||
|---|---|---|---|
| 001 | |||
| 008 | 160829s9999 xx 000 0 cat d | ||
| 245 | |a III Semana de la India | ||
| 260 | |a San Jorge, núm. 78 (2n trimestre 1970), pàg 127 | ||
| 610 | 2 | 0 | |a Biblioteca Central (Barcelona, Catalunya) |9 54533 |
| 650 | |a India |x Congressos |9 40138 | ||
| 700 | |a Semana de la India (3a : 1970 : Barcelona) |9 36783 | ||
| 901 | |a Arxiu | ||
| 942 | |n 1 | ||
| 952 | |0 0 |1 0 |4 0 |7 1 |9 47516 |a Arxiu |b Arxiu |d 2016-12-01 |l 0 |r 2016-12-01 00:00:00 |w 2016-12-01 |y ARXIU | ||
| 999 | |c 51315 |d 51315 | ||